Hareios Potēr kai hē tou philosophou lithos / (Record no. 135)
[ view plain ]
| 000 -LEADER | |
|---|---|
| fixed length control field | 01735cam a2200481 a 4500 |
| 001 - CONTROL NUMBER | |
| control field | 4335528 |
| 005 - DATE AND TIME OF LATEST TRANSACTION | |
| control field | 20200421093820.0 |
| 008 - FIXED-LENGTH DATA ELEMENTS--GENERAL INFORMATION | |
| fixed length control field | 050224s2004 enk j 000 f grc c |
| 020 ## - INTERNATIONAL STANDARD BOOK NUMBER | |
| International Standard Book Number | 9780747568971 (U.K.) |
| 020 ## - INTERNATIONAL STANDARD BOOK NUMBER | |
| International Standard Book Number | 0747568979 (U.K.) |
| 020 ## - INTERNATIONAL STANDARD BOOK NUMBER | |
| International Standard Book Number | 9781582348261 (U.S.) |
| 020 ## - INTERNATIONAL STANDARD BOOK NUMBER | |
| International Standard Book Number | 158234826X (U.S.) : |
| Terms of availability | $21.95 |
| 035 ## - SYSTEM CONTROL NUMBER | |
| System control number | (OCoLC)ocm57727978 |
| 035 ## - SYSTEM CONTROL NUMBER | |
| System control number | (OCoLC)57727978 |
| 040 ## - CATALOGING SOURCE | |
| Original cataloging agency | SFR |
| Transcribing agency | SFR |
| Modifying agency | OCLCQ |
| -- | TXA |
| -- | COD |
| -- | BAKER |
| -- | NLGGC |
| -- | UBY |
| -- | OCLCA |
| -- | NLE |
| 041 1# - LANGUAGE CODE | |
| Language code of text/sound track or separate title | grc |
| Language code of original | eng |
| 042 ## - AUTHENTICATION CODE | |
| Authentication code | pcc |
| 043 ## - GEOGRAPHIC AREA CODE | |
| Geographic area code | e-uk-en |
| 049 ## - LOCAL HOLDINGS (OCLC) | |
| Holding library | NLES |
| 050 #4 - LIBRARY OF CONGRESS CALL NUMBER | |
| Classification number | PR6068.O93 |
| Item number | H38154 2004 |
| 082 14 - DEWEY DECIMAL CLASSIFICATION NUMBER | |
| Classification number | Fic |
| Item number | RowL |
| 084 ## - OTHER CLASSIFICATION NUMBER | |
| Classification number | 18.05 |
| Number source | bcl |
| 100 1# - MAIN ENTRY--PERSONAL NAME | |
| Personal name | Rowling, J. K. |
| 9 (RLIN) | 277 |
| 240 10 - UNIFORM TITLE | |
| Uniform title | Harry Potter and the philosopher's stone. |
| Language of a work | Greek |
| 245 10 - TITLE STATEMENT | |
| Title | Hareios Potēr kai hē tou philosophou lithos / |
| Statement of responsibility, etc. | J.K. Rowling ; translated by Andrew Wilson. |
| 260 ## - PUBLICATION, DISTRIBUTION, ETC. | |
| Place of publication, distribution, etc. | New York, N.Y. ; |
| -- | London : |
| Name of publisher, distributor, etc. | Bloomsbury, |
| Date of publication, distribution, etc. | 2004. |
| 300 ## - PHYSICAL DESCRIPTION | |
| Extent | 250 p. ; |
| Dimensions | 21 cm |
| 500 ## - GENERAL NOTE | |
| General note | Title transliterated. |
| 500 ## - GENERAL NOTE | |
| General note | English ed. originally published: London : Bloomsbury Pub., 1997, under title: Harry Potter and the philosopher's stone. |
| 500 ## - GENERAL NOTE | |
| General note | Sequel: Harry Potter and the Chamber of Secrets. |
| 650 #0 - SUBJECT ADDED ENTRY--TOPICAL TERM | |
| Topical term or geographic name entry element | Wizards |
| Form subdivision | Juvenile fiction. |
| 9 (RLIN) | 772 |
| 650 #0 - SUBJECT ADDED ENTRY--TOPICAL TERM | |
| Topical term or geographic name entry element | Magic |
| Form subdivision | Juvenile fiction. |
| 9 (RLIN) | 773 |
| 650 #0 - SUBJECT ADDED ENTRY--TOPICAL TERM | |
| Topical term or geographic name entry element | Hogwarts School of Witchcraft and Wizardry (Imaginary organization) |
| Form subdivision | Juvenile fiction. |
| 9 (RLIN) | 278 |
| 650 #0 - SUBJECT ADDED ENTRY--TOPICAL TERM | |
| Topical term or geographic name entry element | Schools |
| Form subdivision | Juvenile fiction. |
| 9 (RLIN) | 774 |
| 650 #1 - SUBJECT ADDED ENTRY--TOPICAL TERM | |
| Topical term or geographic name entry element | Wizards |
| Form subdivision | Fiction. |
| 9 (RLIN) | 775 |
| 650 #1 - SUBJECT ADDED ENTRY--TOPICAL TERM | |
| Topical term or geographic name entry element | Magic |
| Form subdivision | Fiction. |
| 9 (RLIN) | 776 |
| 650 #1 - SUBJECT ADDED ENTRY--TOPICAL TERM | |
| Topical term or geographic name entry element | Schools |
| Form subdivision | Fiction. |
| 9 (RLIN) | 777 |
| 651 #0 - SUBJECT ADDED ENTRY--GEOGRAPHIC NAME | |
| Geographic name | England |
| Form subdivision | Juvenile fiction. |
| 9 (RLIN) | 778 |
| 651 #1 - SUBJECT ADDED ENTRY--GEOGRAPHIC NAME | |
| Geographic name | England |
| Form subdivision | Fiction. |
| 655 #0 - INDEX TERM--GENRE/FORM | |
| Genre/form data or focus term | Fantasy fiction, English. |
| 9 (RLIN) | 279 |
| 700 1# - ADDED ENTRY--PERSONAL NAME | |
| Personal name | Wilson, Andrew, |
| Dates associated with a name | 1939- |
| 9 (RLIN) | 280 |
| 942 ## - ADDED ENTRY ELEMENTS (KOHA) | |
| Source of classification or shelving scheme | Dewey Decimal Classification |
| Koha item type | Books |
| Withdrawn status | Lost status | Damaged status | Not for loan | Collection | Home library | Current library | Shelving location | Date acquired | Barcode | Date last seen | Price effective from | Koha item type |
|---|---|---|---|---|---|---|---|---|---|---|---|---|
| Reference | Midway | Midway | General stacks | 09/04/2014 | 39999000005615 | 09/04/2014 | 09/04/2014 | Books |